000 00892nam a2200193Ii 4500
003 JO-AjNU
008 230605s9999||||xx |||||||||||||| ||und||
040 _aJO-AjNU
_bara
_erda
_cJO-AjNU
041 _aara
050 1 4 _aPJ7521.M83 2001
100 3 _aاعداد الحكواتي، ماجد؛ عدنان جابر؛ مراجعة عبد العزيز جمعة؛ تنفيذ جبر،أحمد سعد وأخرون,
_eauthor
_945397
245 0 0 _aمختارات من الشعر العربي في القرن العشرين، ج5
264 3 1 _aالكويت: مؤسسة جائزة عبد العزيز سعود البابطين للإبداع الشعري، 2001
300 _aج5، 804ص
336 _atext
_btxt
_2rdacontent
337 _aunmediated
_bn
_2rdamedia
338 _avolume
_bnc
_2rdacarrier
650 4 _aالقرن20-الشعر العربي-مختارات الشعر العربي
_945398
999 _aA19675
_c23243
_d23243